The evaluation of land remediation methods (Record no. 70039)
[ view plain ]
| 000 -LEADER | |
|---|---|
| fixed length control field | 01408cam a2200229 4500 |
| 001 - CONTROL NUMBER | |
| control field | ABS65376 |
| 008 - FIXED-LENGTH DATA ELEMENTS--GENERAL INFORMATION | |
| fixed length control field | 020423n2002 000 0 eng u |
| 035 ## - SYSTEM CONTROL NUMBER | |
| System control number | (Sirsi) u117632 |
| 100 ## - MAIN ENTRY--PERSONAL NAME | |
| Personal name | Mansfield, R |
| 245 #4 - TITLE STATEMENT | |
| Title | The evaluation of land remediation methods |
| 260 ## - PUBLICATION, DISTRIBUTION, ETC. | |
| Date of publication, distribution, etc. | 2002 |
| 490 ## - SERIES STATEMENT | |
| Series statement | Land Contamination & Reclamation |
| Volume/sequential designation | 10(1) 2002, 25-31(7) |
| 520 ## - SUMMARY, ETC. | |
| Summary, etc. | A range of methods are available to remediate contaminants on brownfield sites; these include 'traditional' methods, such as excavation and off-site disposal, and 'process-based' methods that remove or stabilise the contaminant. The methods differ in many important respects including cost, the risk to health workers on site, the risk to health of the public and the time required for remediation. This study will attempt to determine the decision processes used by environmental consultants in the evaluation of remediation methods for contaminated sites, and determine the extent to which the decision process used will affect the remediation method selected. The study also investigates the extent of use of formalised decision support tools and systems. Tables. References. [TAKEN FROM JOURNAL HEADNOTE] |
| 590 ## - LOCAL NOTE (RLIN) | |
| Local note | ABS |
| 650 ## - SUBJECT ADDED ENTRY--TOPICAL TERM | |
| Topical term or geographic name entry element | CONTAMINATED LAND |
| 650 ## - SUBJECT ADDED ENTRY--TOPICAL TERM | |
| Topical term or geographic name entry element | CONTAMINANTS |
| 650 ## - SUBJECT ADDED ENTRY--TOPICAL TERM | |
| Topical term or geographic name entry element | BROWNFIELD SITES |
| 650 ## - SUBJECT ADDED ENTRY--TOPICAL TERM | |
| Topical term or geographic name entry element | REMEDIATION METHODS |
| 690 ## - LOCAL SUBJECT ADDED ENTRY--TOPICAL TERM (OCLC, RLIN) | |
| Topical term or geographic name as entry element | ENVIRONMENT-CONTAMINATION |
| 700 ## - ADDED ENTRY--PERSONAL NAME | |
| Personal name | Moohan, J |
| 942 ## - ADDED ENTRY ELEMENTS (KOHA) | |
| Suppress in OPAC | 0 |
| Withdrawn status | Lost status | Source of classification or shelving scheme | Damaged status | Not for loan | Home library | Current library | Shelving location | Date acquired | Total Checkouts | Full call number | Barcode | Date last seen | Copy number | Price effective from | Koha item type |
|---|---|---|---|---|---|---|---|---|---|---|---|---|---|---|---|
| Dewey Decimal Classification | London | London | Journal article | 23/04/2002 | ABS65376 | 117632-1001 | 06/08/2019 | 1 | 06/08/2019 | Journal article |